LEADER 01546nam 2200397 450 001 000012563 005 20050718115500.0 010 $a0-306-40712-4$b(vol. 2.) 010 $a0-306-40941-0$b(vol. 3.) 100 $a20030424d--------km-y0itay0103----ba 101 0 $aeng 102 $aUS 200 1 $aExtended linear chain compounds$fe1dited by Joel S. Miller 210 $aNew York ; London$cPlenum Press 215 $av.$d24 cm. 327 0 $aVol. 2. - c1982. - XV, 517 p.$aVol. 3. - c1983. - XVIII, 561 p 606 $aPolimeri 676 $a547.28$v(21. ed.)$9Chimica organica. Polimerizzazione e condensazione 702 1$aMiller,$bJoel S. 801 0$aIT$bUniversità della Basilicata - B.I.A.$gRICA$2unimarc 912 $a000012563 996 $aExtended linear chain compounds$978755 997 $aUNIBAS BAS $aMONSCI BAS $aSCIENZE CAT $aSTD018$b01$c20030424$lBAS01$h1636 CAT $aSTD018$b01$c20030424$lBAS01$h1701 CAT $aTORRE$b20$c20030429$lBAS01$h1735 CAT $c20050601$lBAS01$h1755 CAT $abatch$b01$c20050718$lBAS01$h1051 CAT $c20050718$lBAS01$h1110 CAT $c20050718$lBAS01$h1140 CAT $c20050718$lBAS01$h1155 FMT Z30 -1$lBAS01$LBAS01$mBOOK$1BASA2$APolo Tecnico-Scientifico$2DID$BDidattica$3PTS.s2.p13.14$645820$5S45820$820030424$b2$eXV, 517$f98$FConsultazione$hVolume 2 Z30 -1$lBAS01$LBAS01$mBOOK$1BASA2$APolo Tecnico-Scientifico$2DID$BDidattica$3PTS.s2.p13.15$645821$5S45821$820030424$b3$eXVIII, 561$f98$FConsultazione$hVolume 3 LEADER 01656nam0 2200325 450 001 000045073 005 20180917130053.0 100 $a20180914d1970----km-y0itaa50------ba 101 0 $aita 102 $aIT 200 1 $aMemoria illustrativa della carta della utilizzazione del suolo della Campania$efogli 14, 15, 16, 17 e 19 della Carta della utilizzazione del suolo d'Italia$fDomenico Ruocco$gcon una introduzione di Carmelo Colamonico 210 $aRoma$cConsiglio nazionale delle ricerche$d1970 215 $a182 p.$cill$d24 cm 225 2 $aMemorie regionali illustrative della carta della utilizzazione del suolo d'Italia$v9 316 $aSulla pagina precedente il frontespizio, firma autografa e data: Gioacchino Viggiani, 24 agosto 1971 410 0$12001$aMemorie regionali illustrative della carta della utilizzazione del suolo d'Italia$v9 606 1 $aEconomia agraria$yCampania 607 $aCampania$xGeografia economica 676 $a338.1$v(22. ed.)$9Produzione. Agricoltura 676 $a631.47$v(22. ed.)$9Pedologia. Rilevamenti del terreno e suo uso 700 1$aRuocco,$bDomenico$023763 702 1$aColamonico,$bCarmelo 801 0$aIT$bUniversità della Basilicata - B.I.A.$gREICAT$2unimarc 912 $a000045073 996 $aMemoria illustrativa della carta della utilizzazione del suolo della Campania$9108702 997 $aUNIBAS CAT $aSTD119$b01$c20180914$lBAS01$h1637 CAT $aTTM$b30$c20180917$lBAS01$h1300 FMT Z30 -1$lBAS01$LBAS01$mBOOK$1BASA2$APolo Tecnico-Scientifico$2FVIG$BFondo Viggiani$3FVig/42749$642749$5T42749$7Collocato presso la Scuola di Agraria$820180914$f35$FStanza riservata LEADER 01121nam2 2200277 i 450 001 MIL0473912 005 20231121125548.0 100 $a20030120d2000 ||||0itac50 ba 101 | $aita$alat 102 $ait 181 1$6z01$ai $bxxxe 182 1$6z01$an 200 0 $a 2! 210 $aRoma$cnella sede dell'Istituto$d2000 215 $aP. 425-897$d26 cm. 461 1$1001PUV0837964$12001 $aChronicon sanctae Sophiae$e(cod Vat. Lat. 4939)$fedizione e commento a cura di Jean-Marie Martin con uno studio sull'apparato decorativo di Giulia Orofino$v2 801 3$aIT$bIT-01$c20030120 850 $aIT-RM0313 $aIT-RM0151 $aIT-FR0017 899 $aBIBLIOTECA CASANATENSE$bRM0313 899 $aBiblioteca Istituto Storico Italiano Medio Evo - I$bRM0151 899 $aBiblioteca umanistica Giorgio Aprea$bFR0017 912 $aMIL0473912 950 2$aBiblioteca umanistica Giorgio Aprea$d 52MAG 7 Coll D/11 RER 3.2$e 52DUP0000242105 VMN RS $fA $h20161108$i20161108 977 $a 07$a 41$a 52 996 $a2$961340 997 $aUNICAS LEADER 01224nam 2200253la 450 001 9910481528903321 005 20230503102542.0 035 $a(UK-CbPIL)2090357033 035 $a(CKB)5500000000105217 035 $a(EXLCZ)995500000000105217 100 $a20230503d1519 uy | 101 0 $alat 135 $aurcn||||a|bb| 200 10$aIoannis Iouiani Pontani. De Aspiratione libri duo. Charon dialogus. Antonius dialogus. Actius dialogus. Aegidius dialogus. Asinus dialogus. De sermone libri sex. Belli, quod Ferdinandus senior Neapolitanus rex cum Ioanne Andeganiensium duce gessit, libri sex 210 $aVenice $cAldine Press$d1519 215 $aOnline resource (318 c., 4°) 300 $aReproduction of original in Biblioteca Nazionale Centrale di Firenze. 700 $aPontano$b Giovanni Gioviano$f1429-1503.$0194104 801 0$bUk-CbPIL 801 1$bUk-CbPIL 906 $aBOOK 912 $a9910481528903321 996 $aIoannis Iouiani Pontani. De Aspiratione libri duo. Charon dialogus. Antonius dialogus. Actius dialogus. Aegidius dialogus. Asinus dialogus. De sermone libri sex. Belli, quod Ferdinandus senior Neapolitanus rex cum Ioanne Andeganiensium duce gessit, libri sex$92230560 997 $aUNINA